Trece cachalotes o la dimensión poética de un país
Spremljeno u:
| Glavni autor: | |
|---|---|
| Format: | Knjiga |
| Jezik: | španjolski |
| Izdano: |
Valparaíso
Ediciones Universitarias de Valparaíso
2009
|
| Serija: | Arquitectura y Diseño
|
| Teme: | |
| Oznake: |
Dodaj oznaku
Bez oznaka, Budi prvi tko označuje ovaj zapis!
|
MARC
| LEADER | 00000nam a2200000 a 4500 | ||
|---|---|---|---|
| 001 | UCG0239 | ||
| 003 | CL-VaPUC | ||
| 008 | 100318e20090000CL |||||||||||||||||spa|d | ||
| 020 | |a 9789561704435 | ||
| 082 | 0 | 4 | |a Ch861 |b BAL |2 21 |
| 100 | 0 | |a Balcells Eyquem, José Antonio |e author |9 547575 | |
| 245 | 1 | 0 | |a Trece cachalotes o la dimensión poética de un país |
| 300 | |a 131 p | ||
| 942 | |c BK | ||
| 945 | |d 20100318 00:00:00 |a rbrito | ||
| 260 | |a Valparaíso |b Ediciones Universitarias de Valparaíso |c 2009 | ||
| 650 | 0 | |a Poesías chilenas |9 265280 | |
| 650 | 0 | |a Filosofía del arte |9 264951 | |
| 650 | 0 | |a Poética |9 266624 | |
| 650 | 0 | |a Exposiciones |9 265884 | |
| 650 | 0 | |a Escultura |9 265737 | |
| 583 | |a last modification |c 20121105 04:32:15 |k Rodrigo Vera | ||
| 490 | 0 | |a Arquitectura y Diseño | |
| 999 | |c 339927 |d 339925 | ||
| 952 | |0 0 |1 0 |4 0 |6 CH_861_000000000000000_BAL_2009 |7 0 |8 A |9 434180 |a BIBARQ |b BIBARQ |d 2019-11-22 |i 4643224 |l 1 |o Ch861 BAL 2009 |p 4643224 |r 2025-01-20 |s 2023-10-16 |w 2019-11-22 |y BK |k ARQ | ||
| 952 | |0 0 |1 0 |4 0 |6 CH_861_000000000000000_BAL_2009 |7 0 |8 A |9 434181 |a BIBARQ |b BIBARQ |d 2019-11-22 |i 4643232 |l 2 |o Ch861 BAL 2009 |p 4643232 |r 2025-01-20 |s 2024-09-05 |w 2019-11-22 |y BK |k ARQ | ||
| 952 | |0 0 |1 0 |4 0 |6 CH_861_000000000000000_BAL_2009 |7 0 |8 A |9 434182 |a BIBARQ |b BIBARQ |d 2019-11-22 |i 4643240 |o Ch861 BAL 2009 |p 4643240 |r 2025-01-20 |w 2019-11-22 |y BK |k ARQ | ||
| 952 | |0 0 |1 0 |4 0 |6 CH_861_000000000000000_BAL_2009 |7 0 |8 A |9 434184 |a BIBARQ |b BIBARQ |d 2019-11-22 |i 4643267 |l 1 |o Ch861 BAL 2009 |p 4643267 |r 2025-01-20 |s 2022-07-27 |w 2019-11-22 |y BK |k ARQ | ||
| 952 | |0 0 |1 0 |4 0 |6 CH_861_000000000000000_BAL_2009 |7 0 |8 A |9 434185 |a BIBARQ |b BIBARQ |d 2019-11-22 |i 4643275 |o Ch861 BAL 2009 |p 4643275 |r 2025-01-20 |w 2019-11-22 |y BK |k ARQ | ||
| 952 | |0 0 |1 0 |4 0 |6 CH_861_000000000000000_BAL_2009 |7 0 |8 A |9 434186 |a BIBARQ |b BIBARQ |d 2019-11-22 |i 4643283 |o Ch861 BAL 2009 |p 4643283 |r 2025-01-20 |w 2019-11-22 |y BK |k ARQ | ||
| 952 | |0 0 |1 0 |4 0 |6 CH_861_000000000000000_BAL_2009 |7 0 |8 A |9 434187 |a BIBARQ |b BIBARQ |d 2019-11-22 |i 4643291 |o Ch861 BAL 2009 |p 4643291 |r 2025-01-20 |w 2019-11-22 |y BK |k ARQ | ||
| 952 | |0 0 |1 0 |4 0 |6 CH_861_000000000000000_BAL_2009 |7 0 |8 A |9 434188 |a BIBARQ |b BIBARQ |d 2019-11-22 |i 4643305 |o Ch861 BAL 2009 |p 4643305 |r 2025-01-20 |w 2019-11-22 |y BK |k ARQ | ||
| 952 | |0 0 |1 0 |4 0 |6 CH_861_000000000000000_BAL_2009 |7 0 |8 A |9 434189 |a BIBARQ |b BIBARQ |d 2019-11-22 |i 4643313 |l 1 |o Ch861 BAL 2009 |p 4643313 |r 2025-03-14 |s 2025-03-13 |w 2019-11-22 |y BK |k ARQ | ||
| 952 | |0 0 |1 0 |4 0 |6 CH_861_000000000000000_BAL_2009 |7 0 |8 A |9 434190 |a BIBART |b BIBART |d 2019-11-22 |i 4643321 |o Ch861 BAL 2009 |p 4643321 |r 2025-03-13 |w 2019-11-22 |y BK |k ART | ||
| 952 | |0 0 |1 0 |4 0 |6 CH_861_000000000000000_BAL_2009 |7 0 |8 A |9 434191 |a BIBART |b BIBART |d 2019-11-22 |i 464333K |o Ch861 BAL 2009 |p 464333K |r 2025-03-13 |w 2019-11-22 |y BK |k ART | ||
| 952 | |0 0 |1 0 |4 0 |6 CH_861_000000000000000_BAL_2009 |7 0 |8 X |9 434192 |a FDOBUD |b FDOBUD |d 2019-11-22 |i 4672291 |o Ch861 BAL 2009 |p 4672291 |r 2019-11-22 |w 2019-11-22 |y BK_X |k BUD | ||